00575nam a2200205Ia 4500003000400000005001700004008004100021020001800062040000700080041000800087082002200095100003100117245011000148250000600258260003800264300002400302365001300326440000700339650002300346OSt20230328101642.0210423s2008 xx 000 0 und d a9788181284747 cAL aeng a541.37 223bBOCM aBOCKRIS (John O M);others. aModern electrochemistry V 2B Ed 2bElectrodics in chemistry engineering biology and environmental science a2 aNew DelhibSpringer Pvt Ltdc2008 axxiii,1540-2052bPB b895cINR v2B aPhysical Chemistry